LEADER 02448nam 22007695u 450 001 9910157462303321 005 20211006145017.0 010 $a9783318035292 010 $a3318035297 035 $a(CKB)3780000000101547 035 $a(OCoLC)1046109201 035 $a(SZ-BaSKA)222156 035 $a(MiAaPQ)EBC31866948 035 $a(Au-PeEL)EBL31866948 035 $a(EXLCZ)993780000000101547 100 $a20211006d1992 uy 0 101 0 $aeng 135 $aurunu||||| 181 $ctxt$2rdacontent 182 $cc$2rdamedia 183 $acr$2rdacarrier 200 10$aGut-Derived Infectious-Toxic Shock (GITS) : $eA Major Variant of Septic Shock / $f editors, H. Cottier, R. Kraft 205 $a1st ed. 210 $aBasel : $cS. Karger, $d1992 215 $a1 online resource (X + 370 pages) : $c 31 figures, 21 tables 225 1 $aIssn Series 311 08$a9783805554350 311 08$a3805554354 327 $a978-3-8055-5435-0_Cover -- 978-3-8055-5435-0_00I -- 978-3-8055-5435-0_001 -- 978-3-8055-5435-0_019 -- 978-3-8055-5435-0_044 -- 978-3-8055-5435-0_066 -- 978-3-8055-5435-0_100 -- 978-3-8055-5435-0_146 -- 978-3-8055-5435-0_163 -- 978-3-8055-5435-0_204 -- 978-3-8055-5435-0_241 -- 978-3-8055-5435-0_301 -- 978-3-8055-5435-0_324 -- 978-3-8055-5435-0_348. 410 0$aIssn Series 517 $aGut-Derived Infectious-Toxic Shock 606 $aHematology 606 $aInfectious Diseases 606 $aSurgery 606 $aAnesthesiology 606 $aBacteriology 606 $aGastroenterology 606 $aImmunology 606 $aIntensive Care 606 $aLaboratory 606 $aPathology 606 $aToxicology 606 $aTransfusion Medicine 606 $aTraumatology 615 14$aHematology 615 14$aInfectious Diseases 615 14$aSurgery 615 24$aAnesthesiology 615 24$aBacteriology 615 24$aGastroenterology 615 24$aImmunology 615 24$aIntensive Care 615 24$aLaboratory 615 24$aPathology 615 24$aToxicology 615 24$aTransfusion Medicine 615 24$aTraumatology 676 $a616/.047 700 $aCottier$b H 701 0$aCottier$b Hans$01234108 701 0$aKraft$b R$g(Rainer)$01234109 801 0$bUKSKG 801 1$bUKSKG 906 $aBOOK 912 $a9910157462303321 996 $aGut-Derived Infectious-Toxic Shock (GITS)$92866560 997 $aUNINA